Súčasný vývoj štátov BRICS vo svetovej ekonomike

História vzniku BRICS. Ekonomická sila štátov BRICS. Finančné perspektívy štátov BRICS. BRICS a Európska únia. Vzájomný obchodný obrat medzi EÚ a BRICS.

Na minha lista:
Detalhes bibliográficos
Autor principal: Kováčik, Ľubomír
Formato: Capítulo de Livro
Idioma:eslovaco
Assuntos:
Tags: Adicionar Tag
Sem tags, seja o primeiro a adicionar uma tag!

MARC

LEADER 00000naa a2200000 4500
001 0149399
005 20220719073512.3
041 0 |a slo 
044 |a SK 
245 1 0 |a Súčasný vývoj štátov BRICS vo svetovej ekonomike  |c Ľubomír Kováčik 
520 |a História vzniku BRICS. Ekonomická sila štátov BRICS. Finančné perspektívy štátov BRICS. BRICS a Európska únia. Vzájomný obchodný obrat medzi EÚ a BRICS. 
610 2 0 |a zoskupenia integračné medzinárodné 
610 2 0 |a BRICS 
610 2 0 |a história 
610 2 0 |a obchod medzinárodný 
610 2 0 |a rast hospodársky 
100 1 |a Kováčik, Ľubomír